|
|
|
|
| LEADER |
00000nam a2200000 a 4500 |
| 001 |
vtls001476151 |
| 003 |
SK-MaSNL |
| 005 |
20260301104459.0 |
| 008 |
240318s2004 xo a 0 slo |
| 015 |
|
|
|a SNBE2004/03-01216
|
| 020 |
|
|
|a 8096914006
|
| 035 |
|
|
|a SNK000431452
|
| 040 |
|
|
|a SNK
|b slo
|c SNK
|e AACR2
|
| 043 |
|
|
|a e-xo---
|
| 043 |
|
|
|a n-us---
|
| 043 |
|
|
|a e------
|
| 044 |
|
|
|a xo
|c SK
|
| 072 |
|
7 |
|a 37
|2 konspekt
|
| 080 |
|
|
|a 316.346.2-055.25
|2 1981
|
| 080 |
|
|
|a 37.011.3-051
|2 1981
|
| 080 |
|
|
|a 331.556.4
|2 1981
|
| 080 |
|
|
|a (437.6)
|2 1981
|
| 080 |
|
|
|a (73)
|2 1981
|
| 080 |
|
|
|a (4)
|2 1981
|
| 080 |
|
|
|a (036)
|2 1981
|
| 080 |
|
|
|a (083.97)
|2 1981
|
| 080 |
|
|
|a 649.1(4)(73)(083.9)
|2 2. slo
|
| 100 |
1 |
|
|a Karpinská, Zuzana
|4 aut
|9 367944
|
| 245 |
1 |
0 |
|a Au-pair programy USA a Európa
|c [Zuzana Karpinská]
|
| 250 |
|
|
|a 5. preprac. vyd.
|
| 260 |
|
|
|a Bratislava
|b SAPA
|c 2004
|
| 300 |
|
|
|a 40 s.
|b fotogr.
|c 21 cm
|
| 500 |
|
|
|a Obalový názov
|
| 650 |
0 |
7 |
|a dievčatá
|z Slovensko
|2 SNK
|9 443289
|
| 650 |
0 |
7 |
|a zamestnanie v zahraničí
|2 SNK
|9 69413
|
| 650 |
0 |
7 |
|a au-pair
|z USA
|2 SNK
|9 443290
|
| 650 |
0 |
7 |
|a au-pair
|z Európa
|2 SNK
|9 443291
|
| 650 |
0 |
7 |
|a au-pair
|z Európa
|z Spojené štáty americké
|x spravodaje informačné
|2 SNK
|9 443292
|
| 650 |
0 |
7 |
|a výchova a vzdelávanie
|2 konspekt
|9 1684
|
| 655 |
|
7 |
|a informačné publikácie
|2 SNK
|9 70181
|
| 655 |
|
7 |
|a informačné publikácie
|2 SNK
|9 70181
|
| 655 |
|
7 |
|a programy
|2 SNK
|9 70598
|
| 919 |
|
|
|a 80-969140-0-6
|
| 999 |
|
|
|c 698221
|d 700151
|
| 952 |
|
|
|t P60, <03>, [BOOK], {603}
|a SNK
|b SNK
|y PREZ
|7 0
|p 17A0432614
|o snkOSC 22678
|i snkKSP 7555/2004
|0 0
|1 0
|4 0
|d 2004-06-08
|l 0
|r 2005-01-02 00:00:00
|w 2026-02-23
|
| 952 |
|
|
|t P60, <04>, [BOOK], {604}
|a SNK
|b SNK
|y VYP
|7 0
|p 17A0432613
|o snkOSC 22678 D1
|i snkKSP 7556/2004
|0 0
|1 0
|4 0
|d 2004-06-08
|l 0
|r 2005-01-02 00:00:00
|w 2026-02-23
|